02373nam a2200349 i 4500001001000000003000900010005001700019007000300036008004100039040003000080041000800110082003000118100005700148245006300205250002200268264006200290300005500352336002700407337003300434338002800467505084800495590002601343650005001369650003801419650004201457910003801499942001401537952014201551952014701693952016601840999001702006000026551DO-SdBNP20251028115718.0ta110118s1998 dr ac r 001 0 spa d aDO-SdBNPbspacBNPHUerda aspa 4a972.91064bR696c 19982221 aRodríguez Grullón, Julio M.,eautor4aut.91398410aCuba paraíso o infierno? /cJulio Rodríguez Grullón. aTercera edición 1aSanto Domingo, República Dominicana : bSEEBAC,c1998. a175 páginas :bilustraciones, retratos ;c21 cm. atextobtxt2rdacontent asin mediaciónbn2rdamedia avolumenbnc2rdacarrier aSinopsis de la historia cubana 1492-1898, 29 -- Mis relaciones con Cuba, 57 -- Primer viaje, diciembre 1977 65-- Segundo viaje (II congreso internacional de auxología (Del 12 al 15 de diciembre 1979, La Habana Cuba), 85-- Tercer viaje, -- (Congreso de Pediatría, Cuba 84, VII Latinoamericano, XIV Panamericano, XXL Nacional) Del 11 al 16 de noviembre de 1984, Palacio de las Convenciones, La Habana, 95 -- Comentarios, 127 -- Aspectos positivos Las conquista en el campo de la salud -- La educación, 129 -- La honestidad del pueblo , 129 -- Los deportes, 130 -- Lo negativo del régimen, 130 -- Cuarto viaje, Octubre, 1937 -- Comentarios después del cuarto viajes, 149 -- Aspectos positivos, 151 -- Lo negativo del régimen, 156 -- Visita del Papa Juan Pablo II a Cuba, Enero 1998, 161 --Comentario final, 173 -- Conclusión, 175  aInventariado, 2019/BT 4aCubaxPolítica y gobiernoy1959-1990949325 4aCubaxCondiciones sociales919690 4aCubaxCondiciones económicas949326 aValidado. Control de calidad. EMS 2ddccLBS1 00102ddc51708PDaBNPHUbBNPHUcHDd2011-03-23l0oBNPHU PD 972.91064 R696c 1998p26551-10r2020-06-25w2020-06-25yLBS1ZNo se presta 00102ddc51708PDaBNPHUbBNPHUcHDd2011-03-23l0oBNPHU PD 972.91064 R696c1998p26551-20r2020-06-25te. 2w2020-06-25yLBS1ZNo se presta 00102ddc56708DSaBNPHUbBNPHUcHDd2023-09-26eDonado por Bienvenido Brito l0oBNPHU DS 972.91064 R696c 1998p2025-11885r2025-10-15te. 3w2025-10-15yLBS1 c26043d26043